00507nam a2200181 a 4500001001300000003000900013005001700022008004100039020000800080082001500088100001900103245003900122260005900161300000900220500003500229505003800264650002300302nice12345678IN_TiNIC20260116011654.0050524s1963 bana grp 000 0 eng  ac400a220.7bHAN aHanson, Miriam aCommentary on the Book of Genesis. aBangalorebChristian Instt.For Study of Religionc1963 a229p aincludes index and biblioraphy2 aChristian Students` Library No.29 aBible-Commentaries